| 000 | 00835cam a2200265 a 4500 | ||
|---|---|---|---|
| 001 | 4742 | ||
| 003 | BD-RjUL | ||
| 005 | 20211208233940.0 | ||
| 008 | 160727s1962 ilu 001 0 eng d | ||
| 035 | _a(BD-RjUL)4777 | ||
| 035 | _a(BD-RjUL) | ||
| 040 |
_aVLU _beng _cVLU _dVLU _dBD-RjUL |
||
| 041 | _aeng | ||
| 082 |
_2338.91 _bHIU 1962 |
||
| 100 | 1 |
_aHiggins, Benjamin Howard, _d1912- _910535 |
|
| 245 | 1 | 0 |
_aUnited Nations and U.S. foreign economic policy / _cBenjamin Howard Higgins |
| 260 |
_aHomewood, Ill. : _bR.D. Irwin, _cc1962. |
||
| 300 |
_aviii, 235 p. ; _b23 cm. |
||
| 490 | 0 | _aIrwin series in economics | |
| 500 | _aBibliographical footnotes. | ||
| 610 | 2 | 0 |
_aUnited Nations _9139501 |
| 650 | 0 |
_aEconomic assistance, American. _912084 |
|
| 651 | 0 |
_aUnited States _xForeign economic relations. _914955 |
|
| 942 |
_2ddc _cBK |
||
| 999 |
_c4742 _d4742 |
||